100 Actresses by Picture - Statistics

General Stats
  • This quiz has been taken 436 times
  • The average score is 41 of 100
Answer Stats
Picture Answer % Correct
Scarlett Johansson
89%
Zendaya
88%
Emma Stone
86%
Emma Watson
85%
Jennifer Aniston
84%
Sandra Bullock
83%
Anne Hathaway
79%
Kate Winslet
77%
Angelina Jolie
76%
Margot Robbie
76%
Natalie Portman
76%
Meryl Streep
75%
Cameron Diaz
72%
Jennifer Lawrence
72%
Jenna Ortega
70%
Reese Witherspoon
68%
Mila Kunis
67%
Cate Blanchett
63%
Florence Pugh
62%
Helena Bonham Carter
62%
Millie Bobby Brown
62%
Drew Barrymore
61%
Sydney Sweeney
61%
Courtney Cox
59%
Dakota Johnson
59%
Emily Blunt
59%
Lisa Kudrow
59%
Winona Ryder
57%
Amanda Seyfried
56%
Elizabeth Olsen
55%
Uma Thurman
51%
Zoe Saldana
51%
Judi Dench
50%
Sandra Oh
50%
Elle Fanning
49%
Jodie Foster
49%
Rachel McAdams
49%
Saoirse Ronan
46%
Zoe Kravitz
46%
Lindsay Lohan
45%
Lupita Nyong'o
45%
Sadie Sink
45%
Maya Hawke
44%
Michelle Yeoh
43%
Renee Zellweger
43%
Halle Berry
42%
Lily Rose Depp
42%
Michelle Pfeiffer
42%
Hailee Steinfeld
41%
Lucy Liu
41%
Amy Poehler
40%
Joey King
39%
Sarah Paulson
39%
Maya Rudolph
38%
Priyanka Chopra
37%
Nina Dobrev
35%
Chloe Grace Moretz
34%
Kaley Cuoco
33%
Aubrey Plaza
32%
Kat Dennings
30%
Kristen Wiig
30%
Mikey Madison
30%
Olivia Wilde
30%
Sarah Hyland
30%
Tina Fey
30%
Natalia Dyer
29%
Rashida Jones
29%
Geena Davis
28%
Kathryn Hahn
28%
Madelyn Cline
28%
Mckenna Grace
28%
Julie Bowen
27%
Karen Gillan
26%
Lily James
26%
Kate McKinnon
25%
Cobie Smulders
24%
Elizabeth Gillies
22%
Stephanie Beatriz
22%
Laura Linney
21%
Natasha Lyonne
21%
Ayo Edebiri
19%
Hayley Atwell
18%
Jodie Comer
17%
Kaya Scodelario
17%
Letitia Wright
17%
Quinta Brunson
17%
Daisy Edgar Jones
15%
Rachel Sennott
15%
Ariana Greenblatt
14%
Madison Bailey
14%
Isabela Merced
13%
Pom Klementieff
12%
Angourie Rice
9%
Emily VanCamp
9%
Greta Lee
7%
Pauline Chalamet
7%
Sally Phillips
7%
Erin Doherty
6%
Naomi Ackie
5%
Carlacia Grant
4%
No matching quizzes found
Score Distribution
Percent of People with Each Score
Percentile by Number Answered
Your Score History
You have not taken this quiz